Normal view
MARC view
Entry Topical Term
001 - CONTROL NUMBER
- control field: 17390
003 - CONTROL NUMBER IDENTIFIER
- control field:
005 - DATE AND TIME OF LATEST TRANSACTION
- control field: 20220215112243.0
008 - FIXED-LENGTH DATA ELEMENTS
- fixed length control field: 220215|| aca||aabn | a|a d
040 ## - CATALOGING SOURCE
- Original cataloging agency:
- Transcribing agency:
150 ## - HEADING--TOPICAL TERM
- Topical term or geographic name entry element: Air conditioning - Study and teaching (Higher)
670 ## - SOURCE DATA FOUND
- Source citation: Work cat.: (): ARIYO, O. O. 17388, Fundamentals of refrigeration and air-conditioning/, 2018
